[Event "Florianopolis Regional STD op"]
[Site "Florianopolis"]
[Date "2018.10.12"]
[Round "2"]
[White "Bischoff, Alvaro Walmarth"]
[Black "Da Silva, Camila Evaristo"]
[Result "1-0"]
[WhiteElo "1800"]
[BlackElo "1631"]
[PlyCount "87"]
[EventDate "2018.10.12"]
[EventType "swiss"]
[EventRounds "6"]
[EventCountry "BRA"]
[SourceTitle "CBM 186 Extra"]
[Source "ChessBase"]
[SourceDate "2018.08.24"]
[SourceVersion "1"]
[SourceVersionDate "2018.08.24"]
[SourceQuality "1"]

1. d4 d5 2. c4 c6 3. cxd5 cxd5 4. Bf4 Nf6 5. Nc3 a6 6. Rc1 e6 7. e3 Nc6 8. Nf3 Be7 9. Bd3 Qb6 10. Qd2 0-0 11. 0-0 Bd7 12. a3 Na5 13. Qc2 Nb3 14. Rb1 Rfc8 15. Ne5 Be8 16. Qe2 Qd8 17. Bc2 Na5 18. Qd3 Nc4 19. Bg3 b5 20. f4 g6 21. Bh4 Qc7 22. Be1 a5 23. Nxc4 bxc4 24. Qd2 Rab8 25. e4 dxe4 26. Nxe4 Nd5 27. Bg3 Qb6 28. Qf2 Nf6 29. Qf3 Nxe4 30. Qxe4 Bc6 31. Qe5 Qb7 32. Qe2 Bf6 33. Rfd1 Bd5 34. f5 Ra8 35. fxg6 hxg6 36. Qf2 Bg7 37. Rf1 Ra6 38. Be5 Rb6 39. Bxg7 Kxg7 40. Qf6+ Kg8 41. Rf2 Rxb2 42. Rxb2 Qxb2 43. Qxf7+ Kh8 44. Qf6+ 1-0